| 000 | 00396nam a22001577a 4500 | ||
|---|---|---|---|
| 005 | 20160216122901.0 | ||
| 008 | 160216b xxu||||| |||| 00| 0 eng d | ||
| 020 | _a0195772571 | ||
| 040 | _cPK-LaUMT | ||
| 082 |
_aAMC 954.9205 _bSID-W |
||
| 100 | _aSiddiq salik | ||
| 245 |
_aWitness to surrender _cSiddiq salik |
||
| 260 |
_aOxford _bOxford university _c1978 |
||
| 300 | _a245 p. | ||
| 942 | _cBK | ||
| 999 |
_c82878 _d82878 |
||